| 000 | 01101pam a2200277 a 4500 | ||
|---|---|---|---|
| 001 | 1142406 | ||
| 003 | ARRUPE | ||
| 005 | 20131126112314.0 | ||
| 008 | 950222r19951994nyu 000 0 eng | ||
| 010 | _a 95010225 | ||
| 020 | _a0385480016 | ||
| 040 |
_aDLC _cDLC _dDLC |
||
| 050 | 0 | 0 |
_aPN147 _b.L315 1995 |
| 100 | 1 |
_aLamott, Anne. _93793 |
|
| 245 | 1 | 0 |
_aBird by bird : _bsome instructions on writing and life / _cAnne Lamott. |
| 250 | _a1st Anchor Books ed. | ||
| 260 |
_aNew York : _bAnchor Books, _c1995. |
||
| 300 |
_axxxi, 239 p. ; _c21 cm. |
||
| 500 | _aOriginally published: New York : Pantheon Books, 1994. | ||
| 650 | 0 |
_aAuthorship _vHandbooks, manuals, etc. _93794 |
|
| 856 | 4 | 2 |
_3Contributor biographical information _uhttp://www.loc.gov/catdir/bios/random057/95010225.html |
| 856 | 4 | 2 |
_3Publisher description _uhttp://www.loc.gov/catdir/description/random044/95010225.html |
| 906 |
_a7 _bcbc _corignew _d1 _eocip _f19 _gy-gencatlg |
||
| 942 |
_2lcc _cMONOGRAPH |
||
| 999 |
_c118673 _d118673 |
||